000 00322nam a2200121Ia 4500
008 220217s9999||||xx |||||||||||||| ||und||
082 _a658.402 01 CSR
100 _aCSR
245 0 _aMAT: Management aptitude test
260 _aCSR Publication
_bNew Delhi
_c2008
300 _b425
650 _aEXAM BOOKS/GRE/CAT/GATE
999 _c175709
_d175709